Assorted Vocabulary - Statistics

General Stats
  • This quiz has been taken 5 times
  • The average score is 1 of 10
Answer Stats
Hint Answer % Correct
A period of two weeks; fourteen days Fortnight
80%
Not openly acknowledged or displayed; secret hidden, or concealed Covert
20%
Possessing or showing courage or determination; brave and heroic Valiant
20%
A real or imagined wrong or other cause for complaint or protest; a formal complaint Grievance
0%
The action of intruding or entering where one is not welcome or invited; an unwelcome interruption Intrusion
0%
Having a bad temper; ill-tempered, angry, or irritable Mistempered
0%
Having a harmful effect, especially in a gradual or subtle way; destructive or deadly Pernicious
0%
One who treats something sacred with disrespect or irreverence; someone who violates or corrupts what is holy or pure Profaner
0%
The state or quality of being formal and dignified; seriousness or gravity of manner Solemnity
0%
Moving in a group; gathering or assembling together, often in large numbers Trooping
0%
No matching quizzes found
Score Distribution
Percent of People with Each Score
Percentile by Number Answered
Your Score History
You have not taken this quiz